| 000 | 01158nam a2200325 a 4500 | ||
|---|---|---|---|
| 001 | 000111462 | ||
| 003 | CHAP | ||
| 005 | 20220329144211.0 | ||
| 008 | 150511s2015 mx |sm |||||||spa d | ||
| 010 | _a107924 | ||
| 011 | _a108896 | ||
| 040 | _cCHAP | ||
| 090 | _aTesis | ||
| 100 | 1 |
_aHerrera Saucedo, Vanessa _9129341 |
|
| 245 | 1 | 0 |
_aHuella genética de ocho razas de maíz del norte de México mediante microsatélites _h[En línea] _cpor Vanessa Herrera Saucedo. |
| 260 |
_aChapingo, Méx. : _bEl autor, _c2015. |
||
| 500 | _aPara ver el contenido del material haga clic en la liga | ||
| 502 | _aTesis (Ing. Agr. Esp. en Fitotecnia) -- UACH. Departamento de Fitotecnia | ||
| 590 |
_aE5652GLJ _b05 _c20150511 _lUCH01 _h0957 |
||
| 590 |
_aE5652GLJ _b05 _c20150511 _lUCH01 _h0958 |
||
| 590 |
_aE5652GLJ _b05 _c20150511 _lUCH01 _h1330 |
||
| 650 | 1 | 4 |
_aMaíz _xAnálisis. _970861 |
| 650 | 1 | 4 |
_aMaíz _xComposición. _970908 |
| 650 | 1 | 4 |
_aMaíz _xGenética _zMéxico. _9127734 |
| 650 | 1 | 4 |
_aMaíz _xVariedades _zMéxico. _9127733 |
| 856 |
_aFinding aid _uhttp://10.13.5.2/tesis/sist111462.pdf _zTeclea aquí |
||
| 901 | _aBK | ||
| 942 | _cTESIS | ||
| 942 | _n0 | ||
| 999 |
_c107924 _d107924 |
||